[Event "OMA-ch 11th"]
[Site "Muscat"]
[Date "2024.01.24"]
[Round "1"]
[White "Said, Ahmed Ali Jidal Fad"]
[Black "Al Harrasi, Omar"]
[Result "1-0"]
[WhiteElo "1678"]
[BlackElo "1059"]
[PlyCount "53"]
[EventDate "2024.01.24"]
[EventType "swiss"]
[EventRounds "9"]
[EventCountry "OMN"]
[SourceTitle "CB06_2024"]
[SourceDate "2024.02.07"]
[SourceVersion "1"]
[SourceVersionDate "2024.02.07"]
[SourceQuality "1"]

1. d4 c6 2. Nf3 d5 3. c3 Nf6 4. Bf4 Bf5 5. e3 e6 6. Qb3 b6 7. Be2 Be7 8. Ne5 0-0 9. Nd2 Qc8 10. g4 Bg6 11. h4 h5 12. Nxg6 fxg6 13. Qc2 Qe8 14. gxh5 gxh5 15. 0-0-0 g6 16. Rdg1 Kh7 17. Nf3 Ne4 18. Bd3 Nd7 19. Bxe4 dxe4 20. Qxe4 Rf6 21. Rg2 c5 22. Bg5 Rf7 23. Bxe7 Rxe7 24. Rhg1 Rg7 25. Ng5+ Kh6 26. Nxe6 Nf6 27. Qf4+ 1-0